| 000 | 00455nam a2200169 4500 | ||
|---|---|---|---|
| 005 | 20251231163003.0 | ||
| 008 | 251231b |||||||| |||| 00| 0 eng d | ||
| 020 | _a978-93-91256-68-5 | ||
| 041 | _aEnglish | ||
| 082 |
_aX 158.1 CAR _bB12111 |
||
| 100 |
_aCarnegie, Dale _9216129 |
||
| 245 | _aHow to win friends and influence people | ||
| 260 |
_aNew Delhi _bRupa Publication _c2016 |
||
| 300 |
_a274p _bpb |
||
| 365 |
_aRupaye _b195 _cINR |
||
| 942 | _cBK | ||
| 999 |
_c369654 _d369654 |
||